| 000 | 00412nam a22001697a 4500 | ||
|---|---|---|---|
| 005 | 20160630114852.0 | ||
| 008 | 160630b xxu||||| |||| 00| 0 eng d | ||
| 020 | _a978-81-318-0815-3 | ||
| 041 | _aeng | ||
| 082 | _b19625 | ||
| 100 |
_aBansali Dr R K _93293 |
||
| 245 | _aFluid Mechanics & hydraulic machines | ||
| 260 |
_bLaocine _c2014 |
||
| 300 | _a1094 | ||
| 650 |
_aDiploma Engineering _9817 |
||
| 942 | _cBK | ||
| 999 |
_c4903 _d4901 |
||